[Dcéry Oľgy Krčméryovej]

Zobrazenie: Dcéry Oľgy Krčméryovej, rodenej Petényiovej a Miloslava Krčméryho, Bratislava, 4.11.1908. Na obr.: zľava Oľga (vydatá Sekeyová), Viera (vydatá Mihalová), Elena (neskôr Krčméryová-Smatková) a Milina (vydatá Szoldová).

Bibliographic Details
Other Authors: Jamnický, Július, 1887-1969 (Photographer)
Format: Photo
Language:Slovak
PhysicalDescription:1 fotografia v hnedom tóne 8 x 11 cm
Published: [S.l. s.n.] [1908]
Subjects:

MARC

LEADER 00000nkmaa2200000 a 4500
001 vtls011903108
003 SK-MaSNL
005 20260331211620.0
007 kh ao
008 230802e1908 xo | |||0 k|slo
035 |a AA69E496-0459-4EED-89BA-AE739612009D 
035 |a urn:nbn:sk:snk-km43i84 
035 |a urn:nbn:sk:snk-km00e7ml 
040 |a SNKLA  |b slo  |c SNKLA  |e AACR2 
041 0 |a slo 
044 |a xo  |c SK 
100 1 |a Jamnický, Július,  |d 1887-1969  |4 pht  |9 196871 
245 1 0 |a [Dcéry Oľgy Krčméryovej]  |h grafika 
260 |a [S.l.  |b s.n.]  |c [1908] 
300 |a 1 fotografia  |b v hnedom tóne  |c 8 x 11 cm 
500 |a Fotografia je na pasparte s ornamentami s rozmermi 16 x 20 cm. 
520 2 |a Zobrazenie: Dcéry Oľgy Krčméryovej, rodenej Petényiovej a Miloslava Krčméryho, Bratislava, 4.11.1908. Na obr.: zľava Oľga (vydatá Sekeyová), Viera (vydatá Mihalová), Elena (neskôr Krčméryová-Smatková) a Milina (vydatá Szoldová). 
600 1 7 |a Sekeyová, Oľga,  |d 1896-1980  |2 SNKMA  |9 360989 
600 1 7 |a Mihalová, Viera,  |d 1898-1978  |2 SNKMA  |9 360990 
600 1 7 |a Krčméryová-Smatková, Elena,  |d 1900-1959  |2 SNKMA  |9 55380 
600 1 7 |a Szoldová, Milina,  |d 1902-1984  |2 SNKMA  |9 360991 
655 7 |a fotografie  |2 SNKPH  |9 70713 
852 7 |a Slovenská národná knižnica  |b Literárny archív 
958 |a ZO 
958 |a BLA 
999 |c 605646  |d 607576 
952 |a SNKLA  |b SNKLA  |c SNKLA_DEP  |y NEVYP  |7 0  |p 17A1310519  |o snkSK 62/93  |i snkLA 3789/1968  |0 0  |1 0  |4 0  |d 2019-11-26  |f 1  |l 0  |r 2026-02-23 16:07:32  |w 2026-02-23